Automatización y control remoto del sistema limpia rejas de la central hidroeléctrica Garita
Gardado en:
| Autor Principal: | |
|---|---|
| Outros autores: | |
| Formato: | Libro |
| Idioma: | Spanish |
| Publicado: |
[San José], Costa Rica
2013
|
| Materias: | |
| Etiquetas: |
Engadir etiqueta
Sen Etiquetas, Sexa o primeiro en etiquetar este rexistro!
|
MARC
| LEADER | 00000nam a22000007a 4500 | ||
|---|---|---|---|
| 003 | 011803 | ||
| 005 | 20230824142922.0 | ||
| 008 | 150421b2013 cr a|||| |||| 00| ||spa d | ||
| 040 | |c cru CEDI | ||
| 090 | |a TFG 6972 | ||
| 100 | |9 494 |a Campos Brenes, Jensen Alejandro, 1991- | ||
| 245 | |a Automatización y control remoto del sistema limpia rejas de la central hidroeléctrica Garita | ||
| 260 | |a [San José], Costa Rica |c 2013 | ||
| 300 | |a xi, 81 páginas : ilustraciones (algunas a color) | ||
| 500 | |a Proyecto de graduación (bachillerato en ingeniería eléctrica)-- Universidad de Costa Rica. Facultad de Ingeniería. Escuela de Ingeniería Eléctrica | ||
| 501 | |a Profesor Guía de IE-0499 Proyecto Eléctrico: Dr. José David Rojas Fernández | ||
| 610 | 0 | |9 1200 |a INSTITUTO COSTARRICENSE DE ELECTRICIDAD. PROYECTO HIDROELECTRICO VENTANAS - GARITA | |
| 650 | |x CONTROL AUTOMATICO |x CONTROL REMOTO |x CONTROLADORES LOGICOS PROGRAMABLES |x CONTROLADORES PID |9 763 | ||
| 700 | |9 701 |a Rojas Fernández, José David, 1984- |d Director de Proyecto Eléctrico | ||
| 942 | |c CEDI | ||
| 999 | |c 13837 |d 13837 | ||
